000 00606nam a2200241Ia 4500
003 OSt
005 20221006144756.0
006 a|||||r|||| 00| 0
007 ta
008 221006b |||||||| |||| 00| 0 eng d
020 _c15.00
024 _a12,684
037 _cTextual
040 _aEASL
_cEASL
_beng
041 _2eng
_aeng
082 _aV41:191.M7, C3
100 _aGUNDRY
_9652811
245 0 _aChina and her neighbours
260 _aLondon
_bChampman & Hall
_c1893
300 _a408p.
_ccm.
942 _hV41:191.M7, C3
_cTEXL
_2CC
999 _c1080770
_d1080770